IMF Survey, Volume 31, Issue 10.

Earlier this year, Abdoulaye Bio-Tchane took over as Director of the IMF's African Department. Before joining the IMF staff, he was Benin's Minister of Finance and Economy. He began his career as an economist in the Central Bank of West African States (BCEAO), where he rose to become Direc...

Celý popis

Podrobná bibliografie
Korporativní autor: International Monetary Fund. External Relations Dept
Médium: Časopis
Jazyk:English
Vydáno: Washington, D.C. : International Monetary Fund, 2002.
Edice:IMF Survey; IMF Survey ; No. 0031/010
On-line přístup:Full text available on IMF
LEADER 01699cas a2200241 a 4500
001 AALejournalIMF010404
008 230101c9999 xx r poo 0 0eng d
020 |c 5.00 USD 
020 |z 9781451931969 
022 |a 0047-083X 
040 |a BD-DhAAL  |c BD-DhAAL 
110 2 |a International Monetary Fund.  |b External Relations Dept. 
245 1 0 |a IMF Survey, Volume 31, Issue 10. 
264 1 |a Washington, D.C. :  |b International Monetary Fund,  |c 2002. 
300 |a 1 online resource (16 pages) 
490 1 |a IMF Survey 
500 |a <strong>Off-Campus Access:</strong> No User ID or Password Required 
500 |a <strong>On-Campus Access:</strong> No User ID or Password Required 
506 |a Electronic access restricted to authorized BRAC University faculty, staff and students 
520 3 |a Earlier this year, Abdoulaye Bio-Tchane took over as Director of the IMF's African Department. Before joining the IMF staff, he was Benin's Minister of Finance and Economy. He began his career as an economist in the Central Bank of West African States (BCEAO), where he rose to become Director of the Economic and Monetary Survey Department. He recently returned from a one-week trip with IMF Managing Director Horst Kohler to Burkina Faso, Cote d'Ivoire, Democratic Republic of the Congo, Ghana, and Tanzania. At the end of the trip, on May 3, Kohler announced that the IMF plans to establish five regional centers in Africa to strengthen locally based technical assistance and training. 
538 |a Mode of access: Internet 
830 0 |a IMF Survey; IMF Survey ;  |v No. 0031/010 
856 4 0 |z Full text available on IMF  |u http://elibrary.imf.org/view/journals/023/0031/010/023.0031.issue-010-en.xml  |z IMF e-Library